000 00623nam a22001697a 4500
003 OSt
005 20260409152606.0
008 260409b |||||||| |||| 00| 0 eng d
040 _cMRSPTU
041 _aEnglish
100 _aAdvaitha S. Supervisor: K. S. Sandhu
245 _a Comparative Analysis of Tablet Formulation from Corn and Legumes (Mung Bean and Cow Pea) Starches: Its Characterization and Evaluation
260 _bDepartment of Food Science & Technology, MRSPTU, Bathinda
_c2023
650 _aFood Science & Technology
856 _uhttp://163.47.215.52:8080/jspui/handle/123456789/900
942 _2ddc
_cTH
_n0
999 _c11450
_d11450